Into the FIRE : Lessons on Leadership and Crisis Management from the Hard-Knock School of the Malaysian Fire and Rescue Services Department

Bibliographic Details
Main Author: Soh, Chai Hock (Author)
Format: Book
Language:Malay
Published: Serdang, Selangor : Penerbit Universiti Putra Malaysia 2019
Edition:First edition
Subjects:

MARC

LEADER 00000cam a2200000 7i4500
001 0000029663
005 20241128.0
008 211230 my o may
020 |a 9789673448791 
040 |a INS   |b eng   |e rda 
090 0 0 |a TH9505.B2   |b S64 2019 
100 1 |a Soh, Chai Hock ,   |e author 
245 1 0 |a Into the FIRE :   |b Lessons on Leadership and Crisis Management from the Hard-Knock School of the Malaysian Fire and Rescue Services Department   |c Soh Chai Hock 
250 |a First edition 
264 1 |a Serdang, Selangor :   |b Penerbit Universiti Putra Malaysia   |c 2019 
264 4 |c ©2019 
300 |a 184 pages :   |b colour photographs ;   |c 25 cm. 
336 |a text  |2 rdacontent 
337 |a unmediated  |2 rdamedia 
338 |a volume  |2 rdacarrier 
504 |a Includes bibliographical references and index 
650 0 |a Fire fighters   |z Malaysia 
999 |a 1000004309   |b BOOK   |c Open Shelf   |e Default branch